Statistiques concernant Villes Pokémon situées aux points cardinaux des régions

Cliquez ici pour prendre le quiz!

Statistiques générales

  • Ce quiz a été pris 44 fois
  • Le résultat moyen est 15 sur 32

Statistiques - réponses

Réponse% Correct
Kanto OuestArgenta | Bourg-Palette | Cramois-Île | Jadielle
90%
KantoEstLavanville
84%
KantoSudCramois-Île
81%
JohtoNordAcajou | Ébènelle | Rosalia
74%
Johto EstBourg Geon | Ébènelle
74%
SinnohNordFrimapic
71%
KantoNordAzuria
65%
JohtoSudÉcorcia
61%
JohtoOuestIrisia
61%
SinnohEstRivamar
61%
HoennNordAutéquia | Cimetronelle
58%
SinnohOuestJoliberges
58%
UnysEstArabelle | Papeloa | Renouet
55%
SinnohSudBonaugure
55%
HoennSudMyokara
55%
UnysSudPavonnay | Renouet
55%
HoennOuestMérouville
48%
HoennEstÉternara
45%
UnysNordPapeloa
42%
KalosOuestCromlac'h
32%
KalosEstMozheim
29%
KalosNordRomant-sous-Bois
29%
UnysOuestRotombourg
29%
KalosSudBatisques
23%
AlolaNordEkaeka
23%
GalarNordWinscor
23%
GalarOuestOld Chister
19%
GalarSudPaddoxton
19%
GalarEstLudester
16%
AlolaSudMalié
16%
AlolaEstMalié
16%
Alola OuestVillage Flottant
13%

Distribution des résultats

Percentile par nombre de réponses

% des personnes avec chaque résultat

Votre développement - résultats

Vous n’avez pas pris ce quiz